[Event "45th FIDE Chess Olympiad Open"]
[Site "Budapest, Hungary"]
[Date "2024.09.21"]
[Round "10"]
[White "Mertens, Marc"]
[Black "Frick, Renato"]
[Result "0-1"]
[Board "187"]
[WhiteFideId "4000501"]
[BlackFideId "12000027"]
[WhiteElo "2120"]
[BlackElo "1925"]
[WhiteTeam "Luxembourg"]
[BlackTeam "Liechtenstein"]
[WhiteClock "0:01:08"]
[BlackClock "0:02:52"]
[Variant "Standard"]

1. e4 {[%clk 1:30:58]}  c5 {[%clk 1:30:27]} 2. Nf3 {[%clk 1:31:21]}  d6 {[%clk 1:30:41]} 3. d4 {[%clk 1:31:08]}  cxd4 {[%clk 1:31:04]} 4. Nxd4 {[%clk 1:31:33]}  Nf6 {[%clk 1:31:21]} 5. Nc3 {[%clk 1:31:57]}  g6 {[%clk 1:30:46]} 6. g3 {[%clk 1:32:06]}  Nc6 {[%clk 1:30:48]} 7. Bg2 {[%clk 1:32:14]}  Nxd4 {[%clk 1:26:56]} 8. Qxd4 {[%clk 1:32:37]}  Bg7 {[%clk 1:27:20]} 9. O-O {[%clk 1:32:14]}  O-O {[%clk 1:27:37]} 10. h3 {[%clk 1:31:32]}  Be6 {[%clk 1:22:31]} 11. Qd1 {[%clk 1:30:03]}  b5 {[%clk 1:18:08]} 12. Nd5 {[%clk 1:29:19]}  Rb8 {[%clk 1:14:22]} 13. c3 {[%clk 1:24:43]}  Qd7 {[%clk 1:06:02]} 14. Kh2 {[%clk 1:24:11]}  a5 {[%clk 1:02:44]} 15. Be3 {[%clk 1:12:30]}  Bxd5 {[%clk 0:56:47]} 16. exd5 {[%clk 1:12:53]}  e6 {[%clk 0:56:58]} 17. dxe6 {[%clk 1:11:09]}  fxe6 {[%clk 0:57:16]} 18. f4 {[%clk 0:54:37]}  Qc7 {[%clk 0:48:45]} 19. Re1 {[%clk 0:42:20]}  Rfe8 {[%clk 0:44:21]} 20. Bd4 {[%clk 0:33:38]}  e5 {[%clk 0:42:30]} 21. Be3 {[%clk 0:32:34]}  Kh8 {[%clk 0:39:58]} 22. Qd2 {[%clk 0:32:20]}  Nh5 {[%clk 0:36:30]} 23. Rad1 {[%clk 0:30:20]}  exf4 {[%clk 0:33:32]} 24. gxf4 {[%clk 0:16:51]}  Bh6 {[%clk 0:14:05]} 25. Rf1 {[%clk 0:08:20]}  Re7 {[%clk 0:11:04]} 26. Bd5 {[%clk 0:03:32]}  Rbe8 {[%clk 0:08:52]} 27. Bd4+ {[%clk 0:03:32]}  Bg7 {[%clk 0:06:23]} 28. Rf2 {[%clk 0:03:54]}  Nf6 {[%clk 0:06:37]} 29. Kg2 {[%clk 0:03:25]}  h6 {[%clk 0:05:01]} 30. Bxf6 {[%clk 0:02:39]}  Bxf6 {[%clk 0:05:23]} 31. Qd3 {[%clk 0:03:01]}  Qc5 {[%clk 0:04:27]} 32. Kf1 {[%clk 0:02:12]}  Bh4 {[%clk 0:04:07]} 33. Rdd2 {[%clk 0:00:39]}  Bxf2 {[%clk 0:02:43]} 34. Rxf2 {[%clk 0:01:08]}  Qe3 {[%clk 0:02:52]} 0-1

[Event "45th FIDE Chess Olympiad Open"]
[Site "Budapest, Hungary"]
[Date "2024.09.21"]
[Round "10"]
[White "Oatlhotse, Providence"]
[Black "Dominguez, Jose Manuel"]
[Result "1-0"]
[Board "189"]
[WhiteFideId "11300507"]
[BlackFideId "6400124"]
[WhiteTitle "IM"]
[BlackTitle "IM"]
[WhiteElo "2239"]
[BlackElo "2195"]
[WhiteTeam "Botswana"]
[BlackTeam "Dominican Republic"]
[WhiteClock "0:02:27"]
[BlackClock "0:01:30"]
[Variant "Standard"]

1. d4 {[%clk 1:30:49]}  Nf6 {[%clk 1:30:58]} 2. c4 {[%clk 1:31:13]}  d6 {[%clk 1:31:24]} 3. Nf3 {[%clk 1:31:18]}  Nbd7 {[%clk 1:31:51]} 4. Nc3 {[%clk 1:31:28]}  e5 {[%clk 1:32:19]} 5. e4 {[%clk 1:31:37]}  Be7 {[%clk 1:32:41]} 6. Be2 {[%clk 1:30:55]}  O-O {[%clk 1:33:03]} 7. O-O {[%clk 1:26:59]}  Re8 {[%clk 1:33:30]} 8. Rb1 {[%clk 1:23:39]}  Bf8 {[%clk 1:33:43]} 9. Qc2 {[%clk 1:19:18]}  exd4 {[%clk 1:21:48]} 10. Nxd4 {[%clk 1:18:10]}  Nc5 {[%clk 1:22:12]} 11. f3 {[%clk 1:18:11]}  a5 {[%clk 1:22:41]} 12. Rd1 {[%clk 1:16:50]}  c6 {[%clk 1:15:56]} 13. Bg5 {[%clk 1:14:42]}  Qe7 {[%clk 0:50:32]} 14. Bh4 {[%clk 1:10:12]}  h6 {[%clk 0:48:10]} 15. Nb3 {[%clk 0:59:40]}  Nxb3 {[%clk 0:30:52]} 16. axb3 {[%clk 0:58:52]}  Qe5 {[%clk 0:26:08]} 17. Bg3 {[%clk 0:56:08]}  Qc5+ {[%clk 0:25:31]} 18. Bf2 {[%clk 0:56:15]}  Qg5 {[%clk 0:25:59]} 19. Qd2 {[%clk 0:54:23]}  Qg6 {[%clk 0:21:02]} 20. Ra1 {[%clk 0:49:47]}  Be6 {[%clk 0:18:24]} 21. Bd3 {[%clk 0:48:48]}  Nd7 {[%clk 0:13:21]} 22. Kh1 {[%clk 0:45:14]}  Ne5 {[%clk 0:09:35]} 23. Bc2 {[%clk 0:38:37]}  Qf6 {[%clk 0:09:38]} 24. Bd4 {[%clk 0:38:19]}  g5 {[%clk 0:05:32]} 25. Rf1 {[%clk 0:37:35]}  Qg6 {[%clk 0:03:37]} 26. Nd1 {[%clk 0:30:49]}  c5 {[%clk 0:01:21]} 27. Bc3 {[%clk 0:29:59]}  Nc6 {[%clk 0:00:43]} 28. Ne3 {[%clk 0:28:15]}  Nb4 {[%clk 0:01:07]} 29. Bb1 {[%clk 0:27:54]}  Red8 {[%clk 0:00:37]} 30. Nd5 {[%clk 0:26:52]}  Bxd5 {[%clk 0:00:47]} 31. exd5 {[%clk 0:26:14]}  Qh5 {[%clk 0:00:35]} 32. Bf5 {[%clk 0:20:01]}  Re8 {[%clk 0:00:36]} 33. Qd1 {[%clk 0:18:26]}  b6 {[%clk 0:00:40]} 34. Rg1 {[%clk 0:14:06]}  Bg7 {[%clk 0:00:58]} 35. g4 {[%clk 0:11:55]}  Qh4 {[%clk 0:01:04]} 36. Rg3 {[%clk 0:03:04]}  Be5 {[%clk 0:01:17]} 37. Kg2 {[%clk 0:03:15]}  Bf4 {[%clk 0:01:30]} 38. Rh3 {[%clk 0:02:27]} 1-0

[Event "45th FIDE Chess Olympiad Open"]
[Site "Budapest, Hungary"]
[Date "2024.09.21"]
[Round "10"]
[White "Araujo Sanchez, Josue"]
[Black "Notha, Moakofi"]
[Result "1-0"]
[Board "190"]
[WhiteFideId "6416896"]
[BlackFideId "11300710"]
[WhiteTitle "IM"]
[WhiteElo "2296"]
[BlackElo "1996"]
[WhiteTeam "Dominican Republic"]
[BlackTeam "Botswana"]
[WhiteClock "1:05:59"]
[BlackClock "0:00:46"]
[Variant "Standard"]

1. d4 {[%clk 1:28:21]}  Nf6 {[%clk 1:30:53]} 2. Nc3 {[%clk 1:28:44]}  d5 {[%clk 1:31:14]} 3. Bf4 {[%clk 1:29:05]}  e6 {[%clk 1:31:03]} 4. e3 {[%clk 1:29:27]}  Be7 {[%clk 1:31:08]} 5. g4 {[%clk 1:28:38]}  O-O {[%clk 1:28:59]} 6. g5 {[%clk 1:28:45]}  Nfd7 {[%clk 1:29:00]} 7. Nf3 {[%clk 1:29:09]}  a6 {[%clk 1:28:42]} 8. h4 {[%clk 1:28:00]}  c5 {[%clk 1:27:47]} 9. Bd3 {[%clk 1:28:19]}  c4 {[%clk 1:20:42]} 10. Bf1 {[%clk 1:27:35]}  Qa5 {[%clk 1:18:31]} 11. a3 {[%clk 1:26:55]}  Nc6 {[%clk 1:14:33]} 12. Bh3 {[%clk 1:25:38]}  Nd8 {[%clk 1:14:18]} 13. Kf1 {[%clk 1:25:19]}  Qb6 {[%clk 1:12:03]} 14. Rb1 {[%clk 1:25:30]}  Bd6 {[%clk 1:12:12]} 15. h5 {[%clk 1:24:42]}  Bxf4 {[%clk 1:10:55]} 16. exf4 {[%clk 1:25:00]}  Qd6 {[%clk 1:10:30]} 17. Qd2 {[%clk 1:24:57]}  b5 {[%clk 1:09:15]} 18. Ne2 {[%clk 1:23:08]}  a5 {[%clk 1:07:53]} 19. Ng3 {[%clk 1:23:02]}  f5 {[%clk 1:04:30]} 20. Kg2 {[%clk 1:22:35]}  b4 {[%clk 1:03:11]} 21. axb4 {[%clk 1:22:08]}  axb4 {[%clk 1:03:33]} 22. Ra1 {[%clk 1:22:25]}  Rb8 {[%clk 0:59:13]} 23. Qe3 {[%clk 1:22:37]}  Nc6 {[%clk 0:49:09]} 24. Rhe1 {[%clk 1:22:44]}  Nb6 {[%clk 0:48:20]} 25. h6 {[%clk 1:21:50]}  g6 {[%clk 0:47:22]} 26. Ne2 {[%clk 1:19:10]}  Ra8 {[%clk 0:44:02]} 27. Rxa8 {[%clk 1:17:49]}  Nxa8 {[%clk 0:44:30]} 28. Ne5 {[%clk 1:17:40]}  Bd7 {[%clk 0:40:57]} 29. Ng1 {[%clk 1:16:20]}  Nc7 {[%clk 0:39:36]} 30. Ngf3 {[%clk 1:16:32]}  Ra8 {[%clk 0:37:46]} 31. Nxd7 {[%clk 1:16:56]}  Qxd7 {[%clk 0:38:09]} 32. Ne5 {[%clk 1:16:43]}  Qd6 {[%clk 0:33:07]} 33. Nxc6 {[%clk 1:15:35]}  Qxc6 {[%clk 0:33:34]} 34. Qe5 {[%clk 1:15:57]}  Qd7 {[%clk 0:33:37]} 35. Kg1 {[%clk 1:15:53]}  Ra2 {[%clk 0:30:48]} 36. Bg2 {[%clk 1:16:16]}  Ra6 {[%clk 0:31:02]} 37. b3 {[%clk 1:15:22]}  c3 {[%clk 0:22:44]} 38. Bf1 {[%clk 1:14:50]}  Ra8 {[%clk 0:19:43]} 39. Bd3 {[%clk 1:15:08]}  Qe7 {[%clk 0:19:12]} 40. Kg2 {[%clk 1:14:55]}  Qd7 {[%clk 0:19:23]} 41. Kg3 {[%clk 1:15:17]}  Ra5 {[%clk 0:18:12]} 42. Kf3 {[%clk 1:15:10]}  Ra8 {[%clk 0:18:26]} 43. Kg2 {[%clk 1:12:49]}  Ra5 {[%clk 0:18:42]} 44. Rg1 {[%clk 1:10:03]}  Ra8 {[%clk 0:18:44]} 45. Kh2 {[%clk 1:10:20]}  Ra5 {[%clk 0:19:05]} 46. Rg3 {[%clk 1:09:24]}  Ra8 {[%clk 0:18:31]} 47. Re3 {[%clk 1:09:35]}  Rf8 {[%clk 0:16:00]} 48. Re1 {[%clk 1:09:16]}  Ra8 {[%clk 0:16:17]} 49. Kh3 {[%clk 1:07:32]}  Ra5 {[%clk 0:16:33]} 50. Qf6 {[%clk 1:07:33]}  Ra8 {[%clk 0:13:26]} 51. Bf1 {[%clk 1:05:42]}  Rf8 {[%clk 0:11:06]} 52. Qe5 {[%clk 1:06:05]}  Ra8 {[%clk 0:11:30]} 53. Bg2 {[%clk 1:06:19]}  Ra5 {[%clk 0:06:43]} 54. Qf6 {[%clk 1:06:14]}  Ra8 {[%clk 0:04:51]} 55. Bf3 {[%clk 0:59:55]}  Qf7 {[%clk 0:02:17]} 56. Qe5 {[%clk 0:59:33]}  Qd7 {[%clk 0:02:44]} 57. Kg3 {[%clk 0:59:52]}  Ra5 {[%clk 0:02:04]} 58. Rc1 {[%clk 0:58:02]}  Ra8 {[%clk 0:29:49]} 59. Be2 {[%clk 1:28:08]}  Ra5 {[%clk 0:28:08]} 60. Bd3 {[%clk 1:28:30]}  Ra8 {[%clk 0:26:40]} 61. Qe1 {[%clk 1:27:58]}  Kf7 {[%clk 0:15:42]} 62. Ra1 {[%clk 1:27:58]}  Rxa1 {[%clk 0:08:10]} 63. Qxa1 {[%clk 1:28:28]}  Qe7 {[%clk 0:08:11]} 64. Qa7 {[%clk 1:27:45]}  Ne8 {[%clk 0:05:42]} 65. Qa8 {[%clk 1:27:54]}  Qf8 {[%clk 0:05:11]} 66. f3 {[%clk 1:24:25]}  Nd6 {[%clk 0:03:33]} 67. Qa5 {[%clk 1:24:50]}  Qb8 {[%clk 0:03:05]} 68. Qc5 {[%clk 1:24:59]}  Ke7 {[%clk 0:03:05]} 69. Ba6 {[%clk 1:24:19]}  Kd7 {[%clk 0:03:09]} 70. Kg2 {[%clk 1:24:17]}  Ke7 {[%clk 0:03:07]} 71. Qc6 {[%clk 1:24:24]}  Qa7 {[%clk 0:02:30]} 72. Kf1 {[%clk 1:24:03]}  Qb8 {[%clk 0:02:24]} 73. Ke2 {[%clk 1:23:59]}  Kd8 {[%clk 0:01:31]} 74. Ke3 {[%clk 1:23:53]}  Ke7 {[%clk 0:02:00]} 75. Qc5 {[%clk 1:23:31]}  Kd7 {[%clk 0:02:17]} 76. Qa5 {[%clk 1:23:20]}  Ke7 {[%clk 0:02:20]} 77. Qc5 {[%clk 1:22:09]}  Kd7 {[%clk 0:02:48]} 78. Ke2 {[%clk 1:22:16]}  Ke7 {[%clk 0:03:12]} 79. Qc6 {[%clk 1:22:23]}  Kd8 {[%clk 0:03:31]} 80. Kd3 {[%clk 1:19:51]}  Ke7 {[%clk 0:03:59]} 81. Ke3 {[%clk 1:20:10]}  Kd8 {[%clk 0:04:15]} 82. Bb7 {[%clk 1:19:28]}  Ke7 {[%clk 0:04:29]} 83. Ba8 {[%clk 1:19:34]}  Kd8 {[%clk 0:04:53]} 84. Qa6 {[%clk 1:19:41]}  Ke7 {[%clk 0:04:22]} 85. Bc6 {[%clk 1:20:03]}  Kd8 {[%clk 0:04:20]} 86. Ba4 {[%clk 1:20:14]}  Ke7 {[%clk 0:03:51]} 87. Qc6 {[%clk 1:18:00]}  Qa7 {[%clk 0:02:26]} 88. Qc5 {[%clk 1:17:03]}  Qb8 {[%clk 0:01:14]} 89. Qa5 {[%clk 1:12:12]}  Kf8 {[%clk 0:01:25]} 90. Qa6 {[%clk 1:10:16]}  Ke7 {[%clk 0:01:45]} 91. Bc6 {[%clk 1:10:08]}  Kd8 {[%clk 0:01:39]} 92. Kf2 {[%clk 1:10:26]}  Ke7 {[%clk 0:02:03]} 93. Qe2 {[%clk 1:10:32]}  Qb6 {[%clk 0:01:17]} 94. Qe5 {[%clk 1:10:25]}  Qxc6 {[%clk 0:01:39]} 95. Qf6+ {[%clk 1:10:39]}  Ke8 {[%clk 0:00:51]} 96. Qh8+ {[%clk 1:10:40]}  Ke7 {[%clk 0:01:17]} 97. Qxh7+ {[%clk 1:10:57]}  Nf7 {[%clk 0:00:44]} 98. Qxg6 {[%clk 1:11:14]}  Qe8 {[%clk 0:00:42]} 99. Qf6+ {[%clk 1:08:26]}  Kd6 {[%clk 0:00:46]} 100. Qg6 {[%clk 1:06:16]}  Ke7 {[%clk 0:00:55]} 101. Qg7 {[%clk 1:06:21]}  Qh8 {[%clk 0:01:04]} 102. Kg3 {[%clk 1:06:13]}  Qf8 {[%clk 0:00:33]} 103. Kh4 {[%clk 1:05:43]}  Qh8 {[%clk 0:00:35]} 104. Kh5 {[%clk 1:05:50]}  Ke8 {[%clk 0:00:46]} 105. g6 {[%clk 1:05:59]} 1-0

[Event "45th FIDE Chess Olympiad Open"]
[Site "Budapest, Hungary"]
[Date "2024.09.21"]
[Round "10"]
[White "Monnaatsheko, Keletshabile"]
[Black "Jimenez Jimenez, Leandro"]
[Result "1-0"]
[Board "191"]
[WhiteFideId "11302941"]
[BlackFideId "6415253"]
[BlackTitle "FM"]
[WhiteElo "2064"]
[BlackElo "2188"]
[WhiteTeam "Botswana"]
[BlackTeam "Dominican Republic"]
[WhiteClock "0:01:24"]
[BlackClock "0:00:36"]
[Variant "Standard"]

1. d4 {[%clk 1:30:42]}  d5 {[%clk 1:29:33]} 2. Bf4 {[%clk 1:30:49]}  c5 {[%clk 1:30:01]} 3. e3 {[%clk 1:31:06]}  Nc6 {[%clk 1:30:26]} 4. c3 {[%clk 1:31:22]}  Qb6 {[%clk 1:30:35]} 5. Qb3 {[%clk 1:31:30]}  c4 {[%clk 1:30:59]} 6. Qc2 {[%clk 1:31:36]}  e5 {[%clk 1:31:23]} 7. dxe5 {[%clk 1:31:43]}  Bf5 {[%clk 1:28:57]} 8. Qc1 {[%clk 1:31:43]}  g5 {[%clk 1:29:22]} 9. Bg3 {[%clk 1:31:50]}  h5 {[%clk 1:29:47]} 10. h3 {[%clk 1:30:32]}  Bg7 {[%clk 1:28:54]} 11. Nf3 {[%clk 1:30:34]}  Nge7 {[%clk 1:17:20]} 12. Nbd2 {[%clk 1:29:18]}  O-O-O {[%clk 1:08:56]} 13. e4 {[%clk 1:19:45]}  Bxe4 {[%clk 1:02:44]} 14. Nxe4 {[%clk 1:18:12]}  dxe4 {[%clk 1:03:10]} 15. Nd2 {[%clk 1:08:02]}  Rxd2 {[%clk 0:36:54]} 16. Qxd2 {[%clk 1:06:35]}  Rd8 {[%clk 0:37:21]} 17. Qxg5 {[%clk 0:49:00]}  Nd4 {[%clk 0:33:51]} 18. Bxc4 {[%clk 0:27:27]}  Nc2+ {[%clk 0:31:12]} 19. Kf1 {[%clk 0:12:20]}  Nxa1 {[%clk 0:09:23]} 20. Kg1 {[%clk 0:10:53]}  Ng6 {[%clk 0:05:39]} 21. Qf5+ {[%clk 0:05:55]}  Kb8 {[%clk 0:03:40]} 22. e6+ {[%clk 0:03:35]}  Ka8 {[%clk 0:04:02]} 23. Qxf7 {[%clk 0:03:10]}  h4 {[%clk 0:01:01]} 24. Bc7 {[%clk 0:01:56]}  Rd1+ {[%clk 0:00:34]} 25. Bf1 {[%clk 0:00:54]}  Qb5 {[%clk 0:00:39]} 26. c4 {[%clk 0:01:02]}  Rxf1+ {[%clk 0:01:01]} 27. Kxf1 {[%clk 0:01:23]}  Qxc4+ {[%clk 0:01:05]} 28. Kg1 {[%clk 0:01:43]}  b6 {[%clk 0:00:48]} 29. Qxg7 {[%clk 0:01:23]}  Qxe6 {[%clk 0:00:38]} 30. Kh2 {[%clk 0:01:33]}  Nc2 {[%clk 0:00:50]} 31. Rd1 {[%clk 0:01:31]}  Kb7 {[%clk 0:00:36]} 32. Bb8+ {[%clk 0:01:24]} 1-0

[Event "45th FIDE Chess Olympiad Open"]
[Site "Budapest, Hungary"]
[Date "2024.09.21"]
[Round "10"]
[White "Mendez Ramirez, Victor"]
[Black "Bayani, Kuda"]
[Result "1-0"]
[Board "192"]
[WhiteFideId "6419690"]
[BlackFideId "11305924"]
[WhiteTitle "FM"]
[WhiteElo "2191"]
[BlackElo "1931"]
[WhiteTeam "Dominican Republic"]
[BlackTeam "Botswana"]
[WhiteClock "0:09:40"]
[BlackClock "0:05:31"]
[Variant "Standard"]

1. c4 {[%clk 1:30:56]}  Nf6 {[%clk 1:26:12]} 2. Nc3 {[%clk 1:31:20]}  e5 {[%clk 1:22:32]} 3. Nf3 {[%clk 1:31:45]}  d6 {[%clk 1:20:49]} 4. d4 {[%clk 1:32:12]}  exd4 {[%clk 1:21:03]} 5. Nxd4 {[%clk 1:32:31]}  Be7 {[%clk 1:21:29]} 6. e4 {[%clk 1:32:35]}  Nc6 {[%clk 1:16:14]} 7. Be2 {[%clk 1:31:17]}  Nxd4 {[%clk 1:13:34]} 8. Qxd4 {[%clk 1:31:44]}  Bd7 {[%clk 1:14:02]} 9. O-O {[%clk 1:30:53]}  O-O {[%clk 1:14:22]} 10. b3 {[%clk 1:25:55]}  Bc6 {[%clk 1:13:37]} 11. Bb2 {[%clk 1:26:13]}  Ne8 {[%clk 1:13:52]} 12. Rad1 {[%clk 1:17:17]}  Bf6 {[%clk 1:13:52]} 13. Qd3 {[%clk 1:17:38]}  Qe7 {[%clk 1:13:12]} 14. f3 {[%clk 1:15:32]}  g6 {[%clk 1:04:12]} 15. b4 {[%clk 1:09:28]}  Bg7 {[%clk 1:02:26]} 16. b5 {[%clk 1:05:31]}  Bd7 {[%clk 1:01:05]} 17. Nd5 {[%clk 1:05:55]}  Qd8 {[%clk 1:01:26]} 18. Bxg7 {[%clk 1:04:18]}  Nxg7 {[%clk 1:00:15]} 19. Qc3 {[%clk 1:04:40]}  f6 {[%clk 1:00:43]} 20. c5 {[%clk 1:04:51]}  Ne6 {[%clk 0:58:55]} 21. cxd6 {[%clk 0:59:44]}  cxd6 {[%clk 0:58:27]} 22. Qb4 {[%clk 1:00:08]}  Nc5 {[%clk 0:56:46]} 23. Bc4 {[%clk 0:56:14]}  Kg7 {[%clk 0:56:00]} 24. a4 {[%clk 0:54:07]}  Re8 {[%clk 0:51:53]} 25. Rd2 {[%clk 0:53:38]}  Rc8 {[%clk 0:51:30]} 26. Rfd1 {[%clk 0:52:58]}  Be6 {[%clk 0:45:18]} 27. Ne3 {[%clk 0:53:22]}  Bxc4 {[%clk 0:38:20]} 28. Nxc4 {[%clk 0:53:48]}  a5 {[%clk 0:34:43]} 29. bxa6 {[%clk 0:49:13]}  Nxa6 {[%clk 0:34:32]} 30. Qxb7+ {[%clk 0:49:30]}  Qc7 {[%clk 0:33:20]} 31. Qxc7+ {[%clk 0:41:38]}  Rxc7 {[%clk 0:33:30]} 32. Nxd6 {[%clk 0:41:45]}  Rb8 {[%clk 0:33:28]} 33. Nb5 {[%clk 0:39:52]}  Rc4 {[%clk 0:29:29]} 34. Rd4 {[%clk 0:40:05]}  Rc2 {[%clk 0:29:03]} 35. Rd7+ {[%clk 0:37:52]}  Kh6 {[%clk 0:26:47]} 36. Ra7 {[%clk 0:34:22]}  Nc5 {[%clk 0:27:08]} 37. Rc7 {[%clk 0:34:31]}  Ra8 {[%clk 0:25:49]} 38. Rd4 {[%clk 0:21:38]}  Ra5 {[%clk 0:23:49]} 39. h4 {[%clk 0:21:42]}  Rc1+ {[%clk 0:23:33]} 40. Kh2 {[%clk 0:19:33]}  Nb3 {[%clk 0:21:56]} 41. Rxc1 {[%clk 0:17:25]}  Nxc1 {[%clk 0:22:16]} 42. Rc4 {[%clk 0:14:56]}  Nd3 {[%clk 0:22:20]} 43. Nc3 {[%clk 0:14:35]}  Ra6 {[%clk 0:17:02]} 44. Rd4 {[%clk 0:13:20]}  Nc5 {[%clk 0:14:35]} 45. Kg3 {[%clk 0:11:41]}  Ne6 {[%clk 0:10:27]} 46. Rc4 {[%clk 0:11:38]}  Ng7 {[%clk 0:10:07]} 47. Kf2 {[%clk 0:11:39]}  Ne8 {[%clk 0:07:18]} 48. Nd5 {[%clk 0:09:55]}  g5 {[%clk 0:06:05]} 49. hxg5+ {[%clk 0:09:41]}  Kxg5 {[%clk 0:06:05]} 50. Rc5 {[%clk 0:09:41]}  Kg6 {[%clk 0:05:52]} 51. a5 {[%clk 0:09:20]}  Nd6 {[%clk 0:05:53]} 52. Rc6 {[%clk 0:08:40]}  Nxe4+ {[%clk 0:05:05]} 53. fxe4 {[%clk 0:09:08]}  Rxa5 {[%clk 0:05:26]} 54. Rxf6+ {[%clk 0:09:09]}  Kh5 {[%clk 0:05:22]} 55. Rf5+ {[%clk 0:09:30]}  Kh6 {[%clk 0:05:43]} 56. Kf3 {[%clk 0:09:40]}  Ra3+ {[%clk 0:05:31]} 1-0

[Event "45th FIDE Chess Olympiad Open"]
[Site "Budapest, Hungary"]
[Date "2024.09.21"]
[Round "10"]
[White "Mafaaz Khalid"]
[Black "Giron, Jorge Ernesto"]
[Result "1/2-1/2"]
[Board "193"]
[WhiteFideId "7818424"]
[BlackFideId "6702309"]
[BlackTitle "IM"]
[WhiteElo "2069"]
[BlackElo "2276"]
[WhiteTeam "Pakistan"]
[BlackTeam "El Salvador"]
[WhiteClock "0:02:31"]
[BlackClock "0:03:23"]
[Variant "Standard"]

1. d4 {[%clk 1:30:50]}  Nf6 {[%clk 1:30:52]} 2. c4 {[%clk 1:31:13]}  c5 {[%clk 1:31:15]} 3. d5 {[%clk 1:31:14]}  e6 {[%clk 1:31:40]} 4. Nc3 {[%clk 1:31:18]}  exd5 {[%clk 1:32:05]} 5. cxd5 {[%clk 1:31:39]}  d6 {[%clk 1:32:30]} 6. e4 {[%clk 1:31:35]}  g6 {[%clk 1:32:56]} 7. f4 {[%clk 1:31:14]}  Bg7 {[%clk 1:33:21]} 8. Bb5+ {[%clk 1:31:09]}  Nfd7 {[%clk 1:33:41]} 9. a4 {[%clk 1:31:23]}  O-O {[%clk 1:34:07]} 10. Nf3 {[%clk 1:31:29]}  Na6 {[%clk 1:34:33]} 11. O-O {[%clk 1:31:13]}  Nb4 {[%clk 1:35:00]} 12. Re1 {[%clk 1:29:47]}  a6 {[%clk 1:35:23]} 13. Bf1 {[%clk 1:29:49]}  b6 {[%clk 1:34:14]} 14. Bc4 {[%clk 1:13:22]}  Re8 {[%clk 1:33:36]} 15. Bd2 {[%clk 1:13:14]}  Bb7 {[%clk 1:30:44]} 16. Rc1 {[%clk 1:12:06]}  Nf6 {[%clk 1:24:43]} 17. h3 {[%clk 1:12:05]}  Qd7 {[%clk 1:23:56]} 18. Re2 {[%clk 1:02:53]}  Re7 {[%clk 1:19:55]} 19. Be1 {[%clk 1:02:56]}  Nh5 {[%clk 1:18:32]} 20. Qd2 {[%clk 0:58:37]}  Bh6 {[%clk 1:18:58]} 21. Ng5 {[%clk 0:58:22]}  Nxf4 {[%clk 1:19:19]} 22. Qxf4 {[%clk 0:58:09]}  f6 {[%clk 1:19:42]} 23. h4 {[%clk 0:50:30]}  fxg5 {[%clk 1:17:29]} 24. hxg5 {[%clk 0:48:26]}  Rf8 {[%clk 1:17:50]} 25. Qh4 {[%clk 0:47:37]}  Bg7 {[%clk 1:18:11]} 26. Bg3 {[%clk 0:43:05]}  Be5 {[%clk 1:13:26]} 27. Ree1 {[%clk 0:40:36]}  Bc8 {[%clk 0:54:28]} 28. Bxe5 {[%clk 0:34:26]}  Rxe5 {[%clk 0:54:47]} 29. Rf1 {[%clk 0:34:31]}  Rxf1+ {[%clk 0:51:39]} 30. Rxf1 {[%clk 0:34:48]}  Qe7 {[%clk 0:51:55]} 31. Rf6 {[%clk 0:34:35]}  Bd7 {[%clk 0:44:13]} 32. Be2 {[%clk 0:33:23]}  b5 {[%clk 0:38:17]} 33. axb5 {[%clk 0:33:06]}  axb5 {[%clk 0:38:44]} 34. Bf3 {[%clk 0:25:31]}  Nd3 {[%clk 0:37:26]} 35. Ne2 {[%clk 0:18:17]}  b4 {[%clk 0:33:06]} 36. b3 {[%clk 0:11:31]}  Be8 {[%clk 0:30:20]} 37. Kh2 {[%clk 0:08:09]}  Bf7 {[%clk 0:29:50]} 38. Nf4 {[%clk 0:07:06]}  Nxf4 {[%clk 0:23:11]} 39. Rxf4 {[%clk 0:05:58]}  Rxg5 {[%clk 0:18:55]} 40. Bg4 {[%clk 0:01:41]}  Qe5 {[%clk 0:08:48]} 41. g3 {[%clk 0:01:30]}  Kg7 {[%clk 0:07:34]} 42. Kg2 {[%clk 0:28:51]}  h6 {[%clk 0:35:03]} 43. Bd1 {[%clk 0:24:58]}  Qd4 {[%clk 0:27:54]} 44. Be2 {[%clk 0:23:13]}  Qe3 {[%clk 0:20:52]} 45. Rf2 {[%clk 0:22:45]}  Be8 {[%clk 0:21:04]} 46. Bc4 {[%clk 0:17:46]}  Bd7 {[%clk 0:21:08]} 47. Rf3 {[%clk 0:17:13]}  Qc1 {[%clk 0:20:42]} 48. Rf1 {[%clk 0:13:58]}  Qb2+ {[%clk 0:21:05]} 49. Rf2 {[%clk 0:14:20]}  Qe5 {[%clk 0:21:30]} 50. Be2 {[%clk 0:13:38]}  h5 {[%clk 0:18:55]} 51. Rf4 {[%clk 0:11:08]}  Bg4 {[%clk 0:15:24]} 52. Bc4 {[%clk 0:09:10]}  Kh6 {[%clk 0:15:40]} 53. Qh1 {[%clk 0:09:29]}  Qc3 {[%clk 0:13:18]} 54. Qg1 {[%clk 0:07:13]}  Be2 {[%clk 0:12:58]} 55. Qf2 {[%clk 0:07:07]}  Bxc4 {[%clk 0:13:21]} 56. bxc4 {[%clk 0:06:57]}  Qxc4 {[%clk 0:13:34]} 57. Rg4 {[%clk 0:05:22]}  Kg7 {[%clk 0:10:19]} 58. Rf4 {[%clk 0:02:28]}  Qc3 {[%clk 0:07:29]} 59. Rf7+ {[%clk 0:02:48]}  Kh6 {[%clk 0:07:55]} 60. Rd7 {[%clk 0:02:18]}  Qh8 {[%clk 0:07:05]} 61. Rb7 {[%clk 0:01:37]}  h4 {[%clk 0:02:02]} 62. Qf4 {[%clk 0:01:57]}  hxg3 {[%clk 0:02:04]} 63. Qh4+ {[%clk 0:02:02]}  Rh5 {[%clk 0:02:33]} 64. Qf4+ {[%clk 0:02:25]}  Rg5 {[%clk 0:02:57]} 65. Qh4+ {[%clk 0:02:31]}  Rh5 {[%clk 0:03:23]} 1/2-1/2